000 00195 a2200097 4500
001 2141
100 _aBizony, M T
245 _aSpace Encyclopaedia
260 _a
_bDutton
_c
090 _c1575
_d1575
942 _aNUST-CAE
_cM
_c6391
999 _c237214
_d237214